Famous People Who Died From Overdose/Poison (Sudden Death) - Statistics

General Stats
  • This quiz has been taken 556 times
    208 since last reset
  • The average score is 7 of 20
Answers on the Grid
Answers color-coded by a green-red scale on the quiz's grid according to % correct below.
Alan Turing
Amy Winehouse
Aretha Franklin
Bob Marley
Bon Scott
Charlemagne
Chris Farley
Confucius
Erwin Rommel
Eva Hitler
Heath Ledger
Jimi Hendrix
John Belushi
John Candy
John Lennon
Judy Garland
Julius Caesar
Keith Moon
Keith Richards
Kurt Cobain
Layne Staley
Marilyn Monroe
Martin Luther King Jr.
Michael Jackson
Mohandas Gandhi
Ozzy Osbourne
Philip Seymour Hoffman
Prince
River Phoenix
Sid Vicious
Socrates
Steve Irwin
Tom Petty
 
Answer Stats
Answer % Correct
Amy Winehouse
82%
Heath Ledger
54%
Jimi Hendrix
52%
Marilyn Monroe
43%
Eva Hitler
41%
Michael Jackson
41%
Alan Turing
37%
John Belushi
35%
Judy Garland
33%
Prince
29%
River Phoenix
29%
Keith Moon
28%
Bon Scott
26%
Chris Farley
26%
Philip Seymour Hoffman
26%
Socrates
23%
Sid Vicious
22%
Erwin Rommel
20%
Tom Petty
16%
Layne Staley
13%
No matching quizzes found
Score Distribution
Percent of People with Each Score
Percentile by Number Answered
Your Score History
You have not taken this quiz since the last reset